K problémom zostavovania štvrťročných národných účtov.

Štvrťročné národné účty predstavujú rozpracovanie a rozvoj systému národných účtov z časového hľadiska. Vychádzajú z metodológie systému národných účtov, majú však rôzne špecifiká. Priblíženie metodologických problémov ich zaradenia do štatistickej praxe a načrtnutie možnosti a postupnosti zavádzani...

Ausführliche Beschreibung

Gespeichert in:
Bibliographische Detailangaben
1. Verfasser: Stratil, D.
Format: Buchkapitel
Sprache:Slowakisch
Schlagworte:
Tags: Tag hinzufügen
Keine Tags, Fügen Sie das erste Tag hinzu!

MARC

LEADER 00000naa a2200000 4500
001 r006931
005 20221125080352.5
041 0 |a slo 
044 |a [CS] 
245 1 0 |a K problémom zostavovania štvrťročných národných účtov.  |c D. Stratil 
520 |a Štvrťročné národné účty predstavujú rozpracovanie a rozvoj systému národných účtov z časového hľadiska. Vychádzajú z metodológie systému národných účtov, majú však rôzne špecifiká. Priblíženie metodologických problémov ich zaradenia do štatistickej praxe a načrtnutie možnosti a postupnosti zavádzania štvrťročných národných účtov v čs. podmienkach. 
610 2 0 |a účty národné 
610 2 0 |a ČSFR 
610 2 0 |a metodológia 
610 2 0 |a štatistika ekonomická 
610 2 0 |a systémy informačné 
100 1 |a Stratil, D.